00643pab a2200181 454500008004000000100002300040245011000063260000900173300001400182362001200196650003000208650001500238700001900253773005600272909001000328999001700338952010600355180718b2003 xxu||||| |||| 00| 0 eng d aChakrabarty, Manas aGeorge Washington to George W. Bush: a study of the socio-political background of the American Presidents c2003 ap.117-26. aJan-Dec aUnited States - President aPresidents aGhosh, Sudaita aJournal of Constitutional and Parliamentary Studies a64759 c64759d64759 00104070aIIPAbIIPAd2018-07-19hVolume no: 37, Issue no: 1-4pAR65211r2018-07-19w2018-07-19yAR